Vision: future workplaces (Record no. 74288)

MARC details
000 -LEADER
fixed length control field 01233cab a2200241 4500
001 - CONTROL NUMBER
control field ABS67609
008 - FIXED-LENGTH DATA ELEMENTS--GENERAL INFORMATION
fixed length control field 040322n2004 000 0 eng u
035 ## - SYSTEM CONTROL NUMBER
System control number (Sirsi) u125518
110 ## - MAIN ENTRY--CORPORATE NAME
Corporate name or jurisdiction name as entry element Tinworth
-- A.
245 ## - TITLE STATEMENT
Title Vision: future workplaces
260 ## - PUBLICATION, DISTRIBUTION, ETC.
Date of publication, distribution, etc. 2004
490 ## - SERIES STATEMENT
Series statement Estates Gazette
Volume/sequential designation (0412) 20 March 2004, 156-161(6)
520 ## - SUMMARY, ETC.
Summary, etc. Three articles look at aspects of the 21st century office. The first article "In the realm of the über worker" discusses the key contents of the British Council for Offices' forthcoming report into the future of the office market which was prepared by FPDSavills. The second article "Please step into my temporary work area" looks at the changing nature of work practices with the growth of the flexible working culture. The third article "Space providers start flexing their flexibility", looks at the current state of the serviced office market.
590 ## - LOCAL NOTE (RLIN)
Local note ABS
650 ## - SUBJECT ADDED ENTRY--TOPICAL TERM
Topical term or geographic name entry element PROPERTY-COMMERCIAL PROPERTY-OFFICE PROPERTY-OFFICE PROPERTY MARKET
650 ## - SUBJECT ADDED ENTRY--TOPICAL TERM
Topical term or geographic name entry element SERVICED OFFICES
650 ## - SUBJECT ADDED ENTRY--TOPICAL TERM
Topical term or geographic name entry element OFFICES
650 ## - SUBJECT ADDED ENTRY--TOPICAL TERM
Topical term or geographic name entry element FLEXIBLE WORKING
650 ## - SUBJECT ADDED ENTRY--TOPICAL TERM
Topical term or geographic name entry element CUSHMAN & WAKEFIELD
650 ## - SUBJECT ADDED ENTRY--TOPICAL TERM
Topical term or geographic name entry element FUTURE WORK
690 ## - LOCAL SUBJECT ADDED ENTRY--TOPICAL TERM (OCLC, RLIN)
Topical term or geographic name as entry element PROPERTY-COMMERCIAL PROPERTY-COMMERCIAL PROPERTY MARKET
942 ## - ADDED ENTRY ELEMENTS (KOHA)
Suppress in OPAC 0
Holdings
Withdrawn status Lost status Source of classification or shelving scheme Damaged status Not for loan Home library Current library Shelving location Date acquired Total Checkouts Full call number Barcode Date last seen Copy number Price effective from Koha item type
    Dewey Decimal Classification     London London Journal article 22/03/2004   ABS67609 125518-1001 06/08/2019 1 06/08/2019 Journal article